| 000 | 00610nam a2200205 a 4500 | ||
|---|---|---|---|
| 005 | 20240925064825.0 | ||
| 008 | 010517s1990 mx r 000 0 spa d | ||
| 020 | _a9682316502 | ||
| 035 | _aUPN01000106373 | ||
| 049 | _aCG | ||
| 050 | 4 |
_aHG3711 A44 _bE8.2 |
|
| 100 | 1 | _aEstay Reyno, Jaime | |
| 245 | 1 | 3 |
_aLa concepción general y los análisis sobre la deuda externa de Raúl Prebisch / _cJaime Estay Reyno. |
| 260 |
_aMéxico : _bSiglo XXI, _c1990. |
||
| 300 | _a133 p. | ||
| 440 | 0 | _aEconomía y demografía | |
| 650 | 4 |
_aDEUDA EXTERIOR _91649 |
|
| 650 | 2 |
_aPolítica económica _91147 |
|
| 905 | _aLibro | ||
| 999 |
_c80286 _d80286 |
||